000 nam a22 a 4500
999 _c15983
_d15983
003 BLK
005 20230505102617.0
008 180413b bul|||||r ||||||| ||bul||
010 _aKNG00017808000
020 _a954-445-117-Х
040 _aBLK
041 _aBUL
_cBUL
080 _aБългарска литература
_b821.163.2
_x-4
_z821.163.2-4
080 _aВътрешна политика. Вж и 329
_b323
_x(497.2)
_z323(497.2)
100 1 _aСпасов, Иван Миладинов
_eпърви автор
_9260726
139 _aСпасов, Иван Миладинов
_bС 55
245 1 0 _aМизерия на духа
_bПублицистика : Ч. 1 - 2
_cИван Миладинов Спасов.
_nЧ. 1
257 _aBGR
260 _aСофия
_bХристо Ботев
_c1993 - 1997
_9210116
_n978-954-445-
300 _c20 см
380 _aX
760 1 _aСпасов, Иван Миладинов
_dХристо Ботев, 1993
_h160 с.
_tЧ. 1
852 _aЦб 174614
_bЦб
856 4 _qpdf
_u
_i0.00
_ldisable
856 4 _qpdf
_u
_i0.00
_ldisable
942 _cKNG
_n0
_s1
944 _aCR
_c15.01.2003
_kГеновева_Генчева
944 _aED
_c07.07.2009
999 _d15983
999 _d15983